Detalles MARC
| 000 -LIDER |
| fixed length control field |
01045nam a22003017a 4500 |
| 001 - NÚMERO DE CONTROL |
| Identificador de número de control |
0007015 |
| 003 - IDENTIFICACDOR DE NÚMERO DE CONTROL |
| control field |
DO-SdBNP |
| 005 - DATE AND TIME OF LATEST TRANSACTION |
| control field |
20240813125946.0 |
| 007 - CAMPOS FIJOS DE DESCRIPCIÓN FÍSICA |
| fixed length control field |
0007015 |
| 008 - ELEMENTOS DE LONGITUD FIJA |
| fixed length control field |
161201b2008 mx a ||| 00| 0 spa d |
| 020 ## - ISBN |
| International Standard Book Number |
9687854839 |
| 040 ## - FUENTE DE CATALOGACIÓN |
| Agencia que crea de manera original el registro |
BPMSU |
| Idioma de catalogación |
spa |
| Agencia que realiza la transcripción |
BPMSU |
| 082 #4 - NÚMERO DE CLASIFICACIÓN DECIMAL DE DEWEY |
| Classification number |
370.15 |
| Item number |
T787c 2008 |
| Edition number |
22 |
| 100 1# - ASIENTO PRINCIPAL -- NOMBRE PERSONAL |
| Nombre personal |
Trejo López, Olivia, |
| 245 10 - MENCIÓN DE TITULO |
| Título |
¿Cómo enseñar a pensar a los niños? : |
| Subtítulo |
preescolar / |
| Mención de responsabilidad |
Olivia Trejo López ; diseño e ilustración, Magdalena Rodríguez Orozco y Martha Rodríguez Orozco. |
| 260 ## - PUBLICACIÓN, DISTRIBUCIÓN, ETC. (PIE DE IMPRENTA) |
| Lugar de publicación, distribución, etc |
México : |
| Nombre del editor, distribuidor, etc. |
Ediciones Euroméxico, |
| -- |
Lexus, |
| Fecha de publicación, distribución, etc |
2008. |
| 300 ## - DESCRIPCIÓN FÍSICA |
| Extensión |
208 p. : |
| Otros detalles físicos |
il. ; |
| Dimensiones |
33 cm. |
| 500 ## - NOTA GENERAL |
| Nota general |
En la portada "El más pesado". |
| 500 ## - NOTA GENERAL |
| Nota general |
Apartir de 3 a 5 años |
| 590 ## - NOTA LOCAL |
| Texto de la nota local |
Inventariado, 2024/VM |
| 650 #4 - ENCABEZAMIENTO DE MATERIA--TEMÁTICO |
| Término temático o nombre geográfico como elemento de entrada |
Psicología del aprendizaje |
| 650 #4 - ENCABEZAMIENTO DE MATERIA--TEMÁTICO |
| Término temático o nombre geográfico como elemento de entrada |
Aptitud de aprendizaje |
| 700 1# - ASIENTO SECUNDARIO -- NOMBRE PERSONAL |
| Nombre personal |
Rodríguez Orozco, Magdalena, |
| Mención de responsabilidad |
ilustración |
| 700 1# - ASIENTO SECUNDARIO -- NOMBRE PERSONAL |
| Nombre personal |
Rodríguez Orozco, Martha, |
| Mención de responsabilidad |
ilustración |
| 710 2# - ASIENTO SECUNDARIO -- NOMBRE CORPORATIVO |
| Nombre corporativo o de jurisdicción |
Lexus |
| 910 ## - VALIDACIÓN |
| Validación |
VMateo V. Control de calidad. BPMSU |
| 942 ## - ADDED ENTRY ELEMENTS (KOHA) |
| Source of classification or shelving scheme |
Dewey Decimal Classification |
| Koha item type |
Libros |